| 000 -LEADER |
| fixed length control field |
01614 a2200277 4500 |
| 003 - CONTROL NUMBER IDENTIFIER |
| control field |
Nust |
| 005 - DATE AND TIME OF LATEST TRANSACTION |
| control field |
20170207165831.0 |
| 010 ## - LIBRARY OF CONGRESS CONTROL NUMBER |
| LC control number |
2003043594 |
| 020 ## - INTERNATIONAL STANDARD BOOK NUMBER |
| International Standard Book Number |
0521828430 |
| 040 ## - CATALOGING SOURCE |
| Transcribing agency |
Nust |
| 082 00 - DEWEY DECIMAL CLASSIFICATION NUMBER |
| Classification number |
384.33 |
| 100 1# - MAIN ENTRY--PERSONAL NAME |
| Personal name |
Sharma, Chetan. |
| 245 10 - TITLE STATEMENT |
| Title |
Wireless data services :(E-BOOK) |
| Remainder of title |
technologies, business models, and global markets / |
| Statement of responsibility, etc. |
Chetan Sharma, Yasuhisa Nakamura. |
| 260 ## - PUBLICATION, DISTRIBUTION, ETC. |
| Place of publication, distribution, etc. |
Cambridge, UK ; |
| -- |
New York, NY : |
| Name of publisher, distributor, etc. |
Cambridge University Press, |
| Date of publication, distribution, etc. |
2003. |
| 300 ## - PHYSICAL DESCRIPTION |
| Extent |
xxxvii, 361 p. : |
| Other physical details |
ill. ; |
| Dimensions |
26 cm. |
| 505 ## - FORMATTED CONTENTS NOTE |
| Formatted contents note |
Introduction (page-1). The impact of globalization (page-12). Subscriber needs and expectations (page-52). The wireless value chain (page-65). Global wireless technologies: systems and architectures (page-95). Business models and strategies (page-159). Business issues and challenges (page-193). Technology issues and challenges (page-226). Case studies (page-252). Perspectives (page-262). Future of wireless technologies, applications and services (page-288). Conclusions and recommendations (page-330). |
| 650 #0 - SUBJECT ADDED ENTRY--TOPICAL TERM |
| Topical term or geographic name entry element |
Electronic commerce. |
| 650 #0 - SUBJECT ADDED ENTRY--TOPICAL TERM |
| Topical term or geographic name entry element |
Technological innovations. |
| 650 #0 - SUBJECT ADDED ENTRY--TOPICAL TERM |
| Topical term or geographic name entry element |
Telecommunication. |
| 650 #0 - SUBJECT ADDED ENTRY--TOPICAL TERM |
| Topical term or geographic name entry element |
Wireless communication systems. |
| 700 1# - ADDED ENTRY--PERSONAL NAME |
| Personal name |
Nakamura, Yasuhisa. |
| 856 41 - ELECTRONIC LOCATION AND ACCESS |
| Materials specified |
Book review (E-STREAMS) |
| Uniform Resource Identifier |
<a href="http://www.e-streams.com/es0708/es0708_3449.html">http://www.e-streams.com/es0708/es0708_3449.html</a> |
| 856 41 - ELECTRONIC LOCATION AND ACCESS |
| Materials specified |
Contributor biographical information |
| Uniform Resource Identifier |
<a href="http://www.loc.gov/catdir/enhancements/fy0731/2003043594-b.html">http://www.loc.gov/catdir/enhancements/fy0731/2003043594-b.html</a> |
| 856 41 - ELECTRONIC LOCATION AND ACCESS |
| Materials specified |
Publisher description |
| Uniform Resource Identifier |
<a href="http://www.loc.gov/catdir/description/cam032/2003043594.html">http://www.loc.gov/catdir/description/cam032/2003043594.html</a> |
| 856 41 - ELECTRONIC LOCATION AND ACCESS |
| Materials specified |
Sample text |
| Uniform Resource Identifier |
<a href="http://www.loc.gov/catdir/samples/cam041/2003043594.html">http://www.loc.gov/catdir/samples/cam041/2003043594.html</a> |
| 942 ## - ADDED ENTRY ELEMENTS (KOHA) |
| Source of classification or shelving scheme |
|
| Koha item type |
Book |